000 01096nam a2200265Ia 4500
005 20190806102622.0
008 130821s1994 ck gr spa
020 _a9589276733
040 _aCO-BoUCM
_bspa
_cJose A. Gerena (modificó)
_d[Nuevo]
041 _aspa
110 1 _aColombia.
_bConsejería Presidencial para la Modernización del Estado
_970027
245 1 0 _aGerencia pública en Colombia
_ceditores Jorge Hernán Cárdenas SantaMaría, William Zambrano Cetina.
260 _aBogotá (Colombia)
_bLa Consejería
_c1994
300 _a573 páginas
650 0 7 _aAdministración pública
_926446
650 0 7 _aDescentralización administrativa
_zColombia
_927839
650 0 7 _aPlanes de desarrollo
_zColombia
_945830
650 0 7 _aReforma administrativa
_zColombia
_931758
651 4 _aColombia
_xAdministración pública
_927454
690 _942738
_aAdministración pública
700 1 _aCárdenas Santamaría, Jorge Hernán
_eeditor
_970028
700 1 _aZambrano Cetina, William
_eeditor
_963916
942 _cLIBRO
_a16
_e1
_mC65g
_2DEWEY
_h350
_n0
999 _c2437
_d2437